000 00418nam a22001577a 4500
999 _c7236
_d7236
003 GBCCL
005 20241126110623.0
008 180719b ||||| |||| 00| 0 eng d
040 _cgbc
082 _a226.2
_bMAT
245 _aA study handbook on Matthew's Gospel
260 _aChicago:
_bMoody Press
300 _a96 p.;
_c21 cm.
650 _aBible
_vNew Testament
_xMatthew
_xStudy Handbook
_912811
942 _2ddc
_cBK
_04